Statystyki dla Rozpoznaj piłkarza

Kliknij tutaj aby rozwiązać quiz!

Ogólne statystyki

  • Ten quiz został rozwiązany 32 razy
  • Średni wynik to 15 z 25

Statystyki odpowiedzi

Odpowiedź% Poprawnych
Diego Maradona
93%
Heung-min Son
90%
Marco Reus
90%
Ronaldinho
87%
Pelé
83%
Pierre-Emirck Aubameyang
83%
Frenkie de Jong
80%
Hulk
80%
Thierry Henry
73%
Antoine Griezmann
70%
Bobby Moore
70%
Harry Kane
67%
Pep Guardiola
63%
Paulo Maldini
60%
Andrzej Szarmach
53%
Johan Cruijff
53%
Francesco Totti
50%
Kazimierz Górski
43%
René Higuita
43%
Arsène Wenger
40%
Jan Tomaszewski
30%
Jerzy Gorgoń
23%
Robert Gadocha
13%
Giuseppe Meazza
7%
Ihor Biełanow
3%

Rozkład punktacji

Percentyl według liczby udzielonych odpowiedzi

Procent ludzi z każdym wynikiem

Twoja historia wyników

Nie rozwiązałeś tego quizu